Una nueva vida /

Guardado en:
Autor Principal: Barnard, Christiaan
Formato: Deslizar
Series:El Cuerpo Viviente
Materias:
Etiquetas: Agregar Etiqueta
Sin Etiquetas, Sea el primero en etiquetar este registro!
LEADER 01100ngm a22003135g 4500
001 CEM.cems021703
008 130507b1992##################0###0#####d
005 20240904160226.0
245 1 0 |a Una nueva vida /  |c Christiaan Barnard. 
300 |a 25 
490 0 |a El Cuerpo Viviente 
500 |a En soporte VHS, consultar en ventanilla. 
505 0 |a Concepción. División de las células. Desarrollo del feto: cabeza, espina, piel, huesos, etc. Códigos cromosomáticos. Evolución del embrión. Glándulas mamarias. Adaptación de la madre. Sensaciones del feto. 
538 |a Soporte: VHS - Norma: Pal N - Color - Grabación DRD 1992 - Hitachi=1365 
100 1 |a Barnard, Christiaan 
082 6 1 |/ BAR-4 
653 |a ANATOMIA 
653 |a GENETICA 
653 |a DESARROLLO 
653 |a CONCEPCION 
653 |a CELULAS 
653 |a BIOLOGIA 
653 |a EMBARAZO 
653 |a FETO 
653 |a CODIGO CROMOSOMATICO 
653 |a EMBRIONES 
653 |a GLANDULAS MAMARIAS 
653 |a NIVEL SECUNDARIO 
859 |a CEMS  |b BIB. CEMS - Depto. Recursos Didacticos  |h 611  |i BAR-4  |k DRD  |p 346.12  |t Ej.1